Space Modeling and simulation: Rolesand Application throughout the system Life Cycle (Record no. 304547)
[ view plain ]
| 000 -LEADER | |
|---|---|
| fixed length control field | 00332 a2200121 4500 |
| 001 - CONTROL NUMBER | |
| control field | 69474 |
| 082 ## - DEWEY DECIMAL CLASSIFICATION NUMBER | |
| Classification number | 629.470113 RAI |
| 090 ## - LOCALLY ASSIGNED LC-TYPE CALL NUMBER (OCLC); LOCAL CALL NUMBER (RLIN) | |
| -- | 38690 |
| -- | 38690 |
| 100 ## - MAIN ENTRY--PERSONAL NAME | |
| Personal name | Rainey,L.B |
| 245 ## - TITLE STATEMENT | |
| Title | Space Modeling and simulation: Rolesand Application throughout the system Life Cycle |
| 260 ## - PUBLICATION, DISTRIBUTION, ETC. | |
| Place of publication, distribution, etc. | USA |
| Name of publisher, distributor, etc. | AIAA |
| Date of publication, distribution, etc. | 2004 |
| 300 ## - PHYSICAL DESCRIPTION | |
| Extent | xi, 932 p. |
| 942 ## - ADDED ENTRY ELEMENTS (KOHA) | |
| Institution code [OBSOLETE] | NUST-CAE |
| Call number prefix | 629.470113 RAI |
| Withdrawn status | Lost status | Damaged status | Not for loan | Collection code | Permanent Location | Current Location | Date acquired | Total Checkouts | Full call number | Barcode | Date last seen | Price effective from | Koha item type |
|---|---|---|---|---|---|---|---|---|---|---|---|---|---|
| College of Aeronautical Engineering (CAE) | College of Aeronautical Engineering (CAE) | 04/03/2017 | 629.470113 RAI | CAEN-3714 | 04/05/2017 | 04/05/2017 | Book |
